Analytic and probabilistic methods in number theory : proceedings of the third international conference in honour of J. Kubilius, Palanga, Lithuania, 24-28 September 2001 = Analiziniai ir tikimybiniai metodai skaiciu teorijoje : treciosios tarptautines konferencijos J. Kubiliaus garbei darbu rinkinys 2001 m. rugsejo 24-28 d., Palanga /
Guardado en:
| Autor Corporativo: | |
|---|---|
| Otros Autores: | , , , |
| Formato: | Libro |
| Idioma: | English |
| Publicado: |
Vilnius :
TEV,
2002.
|
| Acceso en línea: | Contents (PDF) |
| Etiquetas: |
Agregar Etiqueta
Sin Etiquetas, Sea el primero en etiquetar este registro!
|
| LEADER | 01266nam a2200229 a 4500 | ||
|---|---|---|---|
| 001 | MAT.inmabb001657 | ||
| 008 | 030603s2002####li############101#0#eng#d | ||
| 005 | 20160810170010.0 | ||
| 245 | 0 | 0 | |a Analytic and probabilistic methods in number theory : |b proceedings of the third international conference in honour of J. Kubilius, Palanga, Lithuania, 24-28 September 2001 = Analiziniai ir tikimybiniai metodai skaiciu teorijoje : treciosios tarptautines konferencijos J. Kubiliaus garbei darbu rinkinys 2001 m. rugsejo 24-28 d., Palanga / |c editors, A. Dubickas, A. Laurincikas and E. Manstavicius. |
| 260 | |a Vilnius : |b TEV, |c 2002. | ||
| 300 | |a vi, 341 p. ; |c 24 cm. | ||
| 504 | |a Incluye referencias bibliográficas e índice. | ||
| 020 | |a 9955491302 | ||
| 111 | 2 | |a International Conference Analytic and Probabilistic Methods in Number Theory |n (3rd : |d 2001 : |c Palanga, Lithuania) | |
| 700 | 1 | |a Dubickas, A. |4 edt | |
| 700 | 1 | |a Laurincikas, Antanas. |4 edt | |
| 700 | 1 | |a Manstavicius, E. |4 edt | |
| 700 | 1 | |a Kubilius, Jonas. | |
| 246 | 3 | 1 | |a Analiziniai ir tikimybiniai metodai skaiciu teorijoje |
| 084 | |a 11-06 (11Mxx 11Nxx 11Pxx 11Kxx) |2 msc2000 | ||
| 856 | 4 | 2 | |u http://www.mif.vu.lt/lmd/palanga/arch/conf%5F3%5Fproc.pdf |y Contents (PDF) |
| 859 | |h 11 |i An5325-3 |p A-8074 |b BIB. MATEMATICA | ||
